[Event "AUTO-ADV-4797"]
[Site "http://www.queenalice.com/game.php?id=1839679"]
[Date "2024.7.4"]
[Round "1"]
[White "SAMOEL"]
[Black "jlpbarreto"]
[Result "1-0"]
[WhiteElo "1958"]
[BlackElo "2010"]

1. e4 c5 2. b4 cxb4 3. a3 e6 4. axb4 Bxb4 5. c3 Ba5 6. Nf3 d6 7. Bb5+ Bd7 8.
Bxd7+ Nxd7 9. Ba3 Bc7 10. O-O Ne7 11. d4 O-O 12. Nh4 Re8 13. Qg4 Nf6 14. Qg3
Nxe4 15. Qe3 d5 16. Nd2 Nxd2 17. Qxd2 Bd6 18. Bxd6 Qxd6 19. Nf3 Ng6 20. Qg5 Qf4
21. Qh5 h6 22. Kh1 Qf5 23. Qxf5 exf5 24. Ra5 Red8 25. Re1 b6 26. Rb5 Kf8 27. h4
Ne7 28. h5 Rdc8 29. Rc1 Ke8 30. Rb3 Rab8 31. Rb4 a5 32. Rb5 Kd7 33. Ne5+ Ke8 34.
Kg1 f6 35. Nd3 Kd7 36. Rb3 Rc7 37. Nb2 b5 38. Na4 Kd6 39. Nc5 Rxc5 40. dxc5+
Kxc5 41. Rb2 a4 42. Kf1 Nc6 43. Ke2 Ne5 44. f4 Nc4 45. Ra2 Re8+ 46. Kf3 Re3+ 47.
Kf2 Re4 48. Kf3 Re3+ 49. Kf2 Re6 50. Rb1 Rb6 51. Re2 Rb7 52. Re8 Nd6 53. Rd8 Rc7
54. Ke3 Nc4+ 55. Kd3 Na3 56. Rb4 Nc4 57. Rb8 Nd6 58. g3 Ra7 59. Rb1 Rc7 60. Rb2
Nc4 61. R2xb5+ Kd6 62. Kd4 1-0

[Event "AUTO-ADV-4797"]
[Site "http://www.queenalice.com/game.php?id=1839680"]
[Date "2024.7.4"]
[Round "1"]
[White "jlpbarreto"]
[Black "SAMOEL"]
[Result "0-1"]
[WhiteElo "1984"]
[BlackElo "1958"]

1. e4 e5 2. Nf3 Bc5 3. Nxe5 Nc6 4. Nf3 Nf6 5. d4 Bb6 6. Nc3 d6 7. Bg5 h6 8. Bh4
Bg4 9. Be2 Bxf3 10. Bxf3 Nxd4 11. Nd5 g5 12. Bg3 h5 13. h4 g4 14. Be2 Nxe4 15.
Bf4 c6 16. Nxb6 Qxb6 17. c3 Nf3+ 0-1

[Event "AUTO-ADV-4816"]
[Site "http://www.queenalice.com/game.php?id=1844554"]
[Date "2024.10.2"]
[Round "1"]
[White "Ditto"]
[Black "jlpbarreto"]
[Result "0-1"]
[WhiteElo "1729"]
[BlackElo "2000"]

1. e4 c5 2. Bc4 g6 3. d3 Bg7 4. c3 Nc6 5. Nf3 d6 6. Ng5 e6 7. Qf3 Qf6 8. Be3 h6
9. Nh3 Ne5 10. Qxf6 Nxf6 11. O-O O-O 12. Nd2 a6 13. Nf4 b5 14. Bb3 Bb7 15. Bd1
Kh7 16. h3 g5 17. Ne2 Nxd3 18. Rb1 Nxe4 19. Nxe4 Bxe4 20. Ra1 Nxb2 21. Ng3 Bd5
22. Bc2+ Kh8 23. Bd2 Nc4 24. Bc1 Bxc3 25. Rb1 Bd2 26. Nh5 f5 27. Ng3 Bxc1 28.
Rbxc1 Nd2 29. Rfd1 Ne4 30. Bb1 b4 31. Ne2 Kg7 32. Rc2 Nc3 33. Nxc3 bxc3 34. Rxc3
Kf6 35. Re3 Rab8 36. Bd3 Rb2 37. a4 a5 38. Bb5 Rb4 39. Rde1 Re4 40. Kf1 Rxe3 41.
Rxe3 Rc8 42. Bd7 Rc7 43. Bb5 Bc6 44. Bc4 d5 45. Bb3 c4 46. Bd1 Rb7 47. Kg1 Rb1
48. Re1 Bxa4 49. Bc2 Rxe1+ 50. Kh2 Bxc2 51. f3 a4 0-1

[Event "AUTO-ADV-4816"]
[Site "http://www.queenalice.com/game.php?id=1844555"]
[Date "2024.10.2"]
[Round "1"]
[White "jlpbarreto"]
[Black "Ditto"]
[Result "1-0"]
[WhiteElo "1939"]
[BlackElo "1702"]

1. e4 e5 2. Bc4 Nc6 3. Nf3 Bb4 4. O-O d6 5. c3 Bc5 6. d3 h6 7. Nbd2 Bg4 8. Re1
Qf6 9. b4 Bb6 10. a4 a6 11. Nf1 Nge7 12. Be3 Bxe3 13. Nxe3 Bd7 14. Qd2 Ng6 15.
b5 axb5 16. axb5 Rxa1 17. Rxa1 Nd8 18. Nd5 Qe6 19. Nxc7+ Kf8 20. Nxe6+ fxe6 21.
g3 Kg8 22. d4 Kh7 23. Ra8 Ne7 24. h3 Ng6 25. dxe5 Rf8 26. exd6 Nh8 27. Ne5 Ng6
28. Nxd7 Rg8 29. f4 Nh8 30. e5 Ng6 31. Bd3 Re8 32. Qc2 1-0

[Event "AUTO-ADV-4816"]
[Site "http://www.queenalice.com/game.php?id=1844572"]
[Date "2024.10.2"]
[Round "1"]
[White "jlpbarreto"]
[Black "Zeca1955"]
[Result "1-0"]
[WhiteElo "1992"]
[BlackElo "1945"]

1. e4 e5 2. Bc4 Nf6 3. d3 Bc5 4. Nf3 d5 5. exd5 Nxd5 6. O-O f6 7. Nxe5 fxe5 8.
Qh5+ g6 9. Qxe5+ Kf7 10. Bxd5+ Be6 11. Qxe6+ 1-0

[Event "AUTO-ADV-4816"]
[Site "http://www.queenalice.com/game.php?id=1844573"]
[Date "2024.10.2"]
[Round "1"]
[White "Zeca1955"]
[Black "jlpbarreto"]
[Result "0-1"]
[WhiteElo "1992"]
[BlackElo "2007"]

1. e4 c5 2. Nc3 Nc6 3. Nf3 g6 4. Bb5 Bg7 5. O-O d6 6. Re1 Nf6 7. e5 dxe5 8. Nxe5
Qc7 9. Nxc6 bxc6 10. Ba4 O-O 11. Qe2 Be6 12. h3 Rab8 13. d3 h6 14. Qf3 Nd5 15.
Nxd5 cxd5 16. Bf4 Qa5 17. Bb3 c4 18. dxc4 Rbc8 19. cxd5 Bf5 20. c3 Rfe8 21. d6
exd6 22. Bxd6 Qb6 23. Red1 Be6 24. Rd2 Bxb3 25. axb3 Re6 26. Bb4 Rce8 27. Rd7
Rf6 28. Qg3 Re2 29. Rf1 Rf5 30. Kh2 Rxb2 31. Rd6 Qb5 32. Kg1 Kh7 33. Rdd1 Rxb3
34. Rd4 Bxd4 35. cxd4 Rxg3 36. Be1 Rb3 37. g4 Rff3 38. h4 Qc6 39. Bd2 Rh3 0-1

[Event "AUTO-ADV-4816"]
[Site "http://www.queenalice.com/game.php?id=1844574"]
[Date "2024.10.2"]
[Round "1"]
[White "jlpbarreto"]
[Black "MarcosT"]
[Result "1-0"]
[WhiteElo "1989"]
[BlackElo "2030"]

1. e4 e5 2. Bc4 Nf6 3. d3 Bc5 4. Nf3 Ng4 5. O-O Nc6 6. Ng5 O-O 7. Qxg4 d5 8. Qh4
h6 9. exd5 hxg5 10. Bxg5 Ne7 11. Nc3 Bd6 12. Ne4 Bf5 13. Nf6+ gxf6 14. Bxf6 Ng6
15. Bxd8 Nxh4 16. Bxh4 Kg7 17. Bg3 Rh8 18. f4 exf4 19. Bxf4 Bxf4 20. Rxf4 Bg6
21. Re1 Rae8 22. Rxe8 Rxe8 23. Kf2 a6 24. h3 b5 25. Bb3 a5 26. a4 b4 27. Rc4 Rc8
28. Rc5 Kf8 29. Rxa5 1-0

[Event "AUTO-ADV-4816"]
[Site "http://www.queenalice.com/game.php?id=1844575"]
[Date "2024.10.2"]
[Round "1"]
[White "MarcosT"]
[Black "jlpbarreto"]
[Result "1-0"]
[WhiteElo "1990"]
[BlackElo "2006"]

1. e4 c5 2. Nf3 d6 3. d4 cxd4 4. Nxd4 Nf6 5. Nc3 a6 6. Bc4 b5 7. Bb3 Bb7 8. O-O
Nxe4 9. Nxe4 Bxe4 10. Re1 Bb7 11. Bg5 h6 12. Bh4 g5 13. Qh5 Rh7 14. Ne6 Qd7 15.
Nxf8 Kxf8 16. Bxg5 Nc6 17. Bxh6+ Ke8 18. Qg5 Rh8 19. Qg7 Qf5 20. Qxh8+ Kd7 21.
Qg7 Re8 22. Re3 Na5 23. Bxf7 Rd8 24. Be6+ 1-0

[Event "AUTO-MASTER-3239"]
[Site "http://www.queenalice.com/game.php?id=1847429"]
[Date "2024.11.19"]
[Round "1"]
[White "chessman"]
[Black "jlpbarreto"]
[Result "0-1"]
[WhiteElo "1953"]
[BlackElo "1922"]

1. e4 c5 2. Nf3 d6 3. Bb5+ Nc6 4. c3 g6 5. O-O Bg7 6. Re1 Bd7 7. d4 cxd4 8. cxd4
e6 9. Nc3 Nge7 10. Bg5 h6 11. Be3 O-O 12. a3 a6 13. Ba4 Rc8 14. Bc2 b5 15. Qe2
Na5 16. Rac1 Nc4 17. Rb1 Nxa3 18. Rbc1 Nxc2 19. Rxc2 Qb6 20. Rd1 Kh7 21. d5 e5
22. Rdc1 Qb7 23. Ne1 b4 24. Nb1 f5 25. f3 fxe4 26. fxe4 Bb5 27. Qd2 Rf1# 0-1

[Event "AUTO-MASTER-3239"]
[Site "http://www.queenalice.com/game.php?id=1847430"]
[Date "2024.11.19"]
[Round "1"]
[White "jlpbarreto"]
[Black "chessman"]
[Result "1-0"]
[WhiteElo "1947"]
[BlackElo "1881"]

1. e4 e6 2. d4 d5 3. e5 c5 4. c3 cxd4 5. cxd4 Nc6 6. Nf3 Bd7 7. Bd3 Nge7 8. O-O
Ng6 9. Kh1 a6 10. Nc3 Be7 11. a3 Qb6 12. Na4 Qa7 13. Re1 b5 14. Nc5 Bxc5 15.
dxc5 Qxc5 16. Be3 Qe7 17. Rc1 Rc8 18. Bg5 Qf8 19. a4 h6 20. Bd2 Rb8 21. axb5
axb5 22. Qe2 Qe7 23. Bxb5 Ncxe5 24. Bxd7+ Nxd7 25. b4 O-O 26. Rb1 Nf6 27. b5 Ne4
28. Nd4 Nxd2 29. Qxd2 Rfc8 30. Nc6 Qb7 31. Nxb8 Rxb8 32. h3 Qb6 33. Kg1 Nf8 34.
Qe3 Ng6 35. Qxb6 Rxb6 36. Rec1 Kf8 37. Rc6 Rb7 38. Kf1 d4 39. Rc8+ Ke7 40. Ra8
e5 41. b6 e4 42. Ra7 1-0

[Event "AUTO-MASTER-3239"]
[Site "http://www.queenalice.com/game.php?id=1847455"]
[Date "2024.11.19"]
[Round "1"]
[White "Capixabba789"]
[Black "jlpbarreto"]
[Result "0-1"]
[WhiteElo "1908"]
[BlackElo "1906"]

1. e4 c5 2. d4 cxd4 3. Qxd4 Nc6 4. Qd1 Nf6 5. Bd3 d5 6. exd5 Nxd5 7. Nf3 g6 8.
O-O Bg7 9. Re1 O-O 10. c3 Bg4 11. Nbd2 Nxc3 12. Qc2 Nd5 13. Rb1 Ndb4 14. Qb3
Nxd3 15. Qxb7 Nxe1 16. Nxe1 Qd7 17. Qb3 Be6 18. Qf3 Rab8 19. b3 Ne5 20. Qg3 Rfc8
21. Nef3 Nxf3+ 22. Qxf3 Bd5 23. Qg3 Be6 24. h3 Qd6 0-1

[Event "AUTO-MASTER-3239"]
[Site "http://www.queenalice.com/game.php?id=1847456"]
[Date "2024.11.19"]
[Round "1"]
[White "jlpbarreto"]
[Black "Capixabba789"]
[Result "0-1"]
[WhiteElo "1923"]
[BlackElo "1891"]

1. e4 e5 2. Nf3 d6 3. Bc4 Be7 4. d3 Nf6 5. a4 a6 6. Nbd2 Be6 7. O-O Bxc4 8. Nxc4
Nc6 9. Ne3 Nd4 10. b4 O-O 11. Nxd4 exd4 12. Nf5 c5 13. bxc5 dxc5 14. a5 Re8 15.
Bd2 Nd7 16. Qe2 Ne5 17. Rfb1 Ra7 18. Rb3 Bf6 19. Rab1 Qd7 20. f4 Ng6 21. Qf3 h6
22. Rb6 Qa4 23. R1b2 c4 24. Rxb7 Rxb7 25. Rxb7 c3 0-1

[Event "AUTO-OPEN-4562"]
[Site "http://www.queenalice.com/game.php?id=1848142"]
[Date "2024.12.1"]
[Round "1"]
[White "jlpbarreto"]
[Black "ThiagoBrumN"]
[Result "1-0"]
[WhiteElo "1931"]
[BlackElo "1745"]

1. e4 e5 2. Bc4 Nf6 3. d3 Bc5 4. Nf3 O-O 5. Nxe5 d6 6. Nf3 Bg4 7. Nbd2 Nbd7 8.
c3 Re8 9. O-O Ne5 10. b4 Bb6 11. a4 h6 12. Bb3 Nxd3 13. Ba3 Ne5 14. h3 Bh5 15.
a5 Bxf2+ 16. Rxf2 a6 17. Qf1 Rc8 18. Nxe5 dxe5 19. Re1 Kh8 20. Nf3 b5 21. Rd2
Qe7 22. Nh4 Nd7 23. Nf5 Nf8 24. Nxe7 Rxe7 25. Qf5 Bg6 26. Qxc8 Kh7 27. Qxf8 Re6
28. Bxe6 fxe6 29. Rd7 Bh5 30. Qxg7# 1-0

[Event "AUTO-OPEN-4562"]
[Site "http://www.queenalice.com/game.php?id=1848143"]
[Date "2024.12.1"]
[Round "1"]
[White "ThiagoBrumN"]
[Black "jlpbarreto"]
[Result "0-1"]
[WhiteElo "1724"]
[BlackElo "1940"]

1. e4 e6 2. Nf3 d5 3. exd5 exd5 4. d4 Nf6 5. Nc3 Bf5 6. Bd3 Bxd3 7. Qxd3 Bd6 8.
O-O O-O 9. Bg5 c6 10. a3 Nbd7 11. Rae1 Qb6 12. Ne5 Rfe8 13. Re3 Qc7 14. f4 c5
15. Nb5 Qb8 16. Rh3 a6 17. Nxd6 Qxd6 18. Re1 Ne4 19. Qf3 Ndf6 20. c3 cxd4 21.
cxd4 Qb6 22. Bh6 Qxd4+ 23. Kh1 Nf2+ 24. Kg1 Nxh3+ 25. Kf1 Qf2+ 26. Qxf2 Nxf2 27.
Kxf2 gxh6 28. h3 Rac8 29. Rd1 Rc2+ 30. Kg3 Rxb2 31. Rd3 Rc8 32. Rxd5 Nxd5 33.
Ng4 Rc6 34. Ne5 Rc3+ 35. Kh2 Nxf4 36. Nf3 Rxf3 37. a4 Rxg2+ 38. Kh1 Rf1# 0-1

[Event "AUTO-OPEN-4562"]
[Site "http://www.queenalice.com/game.php?id=1848144"]
[Date "2024.12.1"]
[Round "1"]
[White "jlpbarreto"]
[Black "Shizumaru_Hisame"]
[Result "0-1"]
[WhiteElo "2022"]
[BlackElo "2002"]

1. e4 e6 2. d4 c5 3. c3 h6 4. Nf3 Nf6 5. Qc2 Nc6 6. Be2 d5 7. Nbd2 cxd4 8. e5
Nd7 9. cxd4 Bb4 10. O-O Ba5 11. b3 O-O 12. Re1 f6 0-1